banner-ar

ما تلحن فيه العامة / (Record no. 36887)

MARC details
000 -الفاتح
حقل البيانات ثابتة الطول 00782nam a2200217Ia 4500
005 - وقت وتاريخ اخر تعامل مع التسجيلة
رقم الضبط 20240530103116.0
008 - عناصر البيانات ثابتة الطول - معلومات عامة
حقل البيانات ثابتة الطول 140319s9999 xx 000 0 ara d
040 ## - مصدر الفهرسة
وكالة الفهرسة الأصلية GCL /
وكالة النسخ GCL
082 04 - رقم تصنيف ديوى العشرى
رقم التصنيف 411.5
رقم المادة ك م
100 1# - المدخل الرئيسى - إسم شخصى
الإسم الشخصى رمضان عبدالتواب
245 10 - بيان العنوان
العنوان ما تلحن فيه العامة /
بيان المسئوليه,etc رمضان عبدالتواب
260 ## - PUBLICATION, DISTRIBUTION, ETC. (IMPRINT)
تاريخ النشر أو التوزيع 1982
300 ## - الوصف المادى
التعداد 167 ص
490 ## - بيان السلسلة
عنوان السلسلة سلسلة كتب لحن العامة ,(2)
رقم المجلد/ التعيين التسلسلي 0
650 04 - المدخل الاضافى بالموضوع-مصطلح موضوعى
مصطلح موضوعي الاصوات اللغوية
650 04 - المدخل الاضافى بالموضوع-مصطلح موضوعى
مصطلح موضوعي اللغة العربية
650 04 - المدخل الاضافى بالموضوع-مصطلح موضوعى
مصطلح موضوعي اللهجات العربية
700 1# - المدخل الاضافى - اسم شخصى
الإسم الشخصى الكسائى : ابو الحسن على بن حمزة بن عبدالله بن عثمان بن فيروز الاسدى
942 ## - عناصر المدخل الإضافي( كوها)
مصدر التصنيف او مخطط الترفيف Dewey Decimal Classification
Koha [default] item type كتاب
260 ## - PUBLICATION, DISTRIBUTION, ETC. (IMPRINT)
-- [S.N] :
-- مكتبة الخانجى ،
Holdings
حالة التراجع حالة الفقد حالة تلف ليس للاعارة المكان المؤقت الموقع الحالى تاريخ الاكتساب اجمالي اﻻعارات رقم الطلب الباركود تاريخ اخر مشاهدة تاريخ تفعيل السعر نوع وعاء كوها
        مكتبة القاهرة الكبرى مكتبة القاهرة الكبرى 03/26/2014   411.5\ك م 89712 03/26/2014 03/26/2014 كتاب
        مكتبة القاهرة الكبرى مكتبة القاهرة الكبرى 03/26/2014   411.5\ك م 89713 03/26/2014 03/26/2014 كتاب

Powered By

EGPV